The general theory of Dirichlet's series /
Guardado en:
| Autor Principal: | |
|---|---|
| Otros Autores: | |
| Formato: | Libro |
| Idioma: | English |
| Publicado: |
New York :
Hafner,
1972.
|
| Series: | Cambridge tracts in mathematics and mathematical physics ;
no. 18 |
| Materias: | |
| Etiquetas: |
Agregar Etiqueta
Sin Etiquetas, Sea el primero en etiquetar este registro!
|
| LEADER | 00864cam a22002415a 4500 | ||
|---|---|---|---|
| 001 | MAT.inmabb003367 | ||
| 008 | 730711r19721915nyu######b####000#0#eng## | ||
| 005 | 20130325204401.0 | ||
| 245 | 1 | 4 | |a The general theory of Dirichlet's series / |c by G. H. Hardy and Marcel Riesz. |
| 260 | |a New York : |b Hafner, |c 1972. | ||
| 300 | |a 78 p. ; |c 22 cm. | ||
| 440 | 0 | |a Cambridge tracts in mathematics and mathematical physics ; |v no. 18 | |
| 500 | |a Reimpresión de la ed. original: Cambridge University Press, 1915. | ||
| 504 | |a Bibliografía: p. [69]-78. | ||
| 100 | 1 | |a Hardy, G. H. |q (Godfrey Harold), |d 1877-1947. | |
| 700 | 1 | |a Riesz, Marcel, |d 1886- | |
| 650 | 0 | |a Series, Dirichlet. | |
| 650 | 0 | |a Number theory. | |
| 084 | |a 30B50 |2 msc2000 | ||
| 084 | |a 30.24 (40.00) |2 MR | ||
| 010 | |a 64020383 | ||
| 040 | |a DLC |c OClU |d OCoLC |d Uk |d DLC | ||
| 859 | |h 30 |i H268 |p A-4240 |b BIB. MATEMATICA | ||
